| 000 | 01476cam a22003377a 4500 | ||
|---|---|---|---|
| 001 | 15963992 | ||
| 003 | ARRUPE | ||
| 005 | 20160824143410.0 | ||
| 008 | 091028r20092007enk b 001 0 eng | ||
| 010 | _a 2009281891 | ||
| 020 | _a9780567614940 (pbk.) | ||
| 020 | _a0567614948 (pbk.) | ||
| 040 |
_aDLC _cDLC _dDLC |
||
| 050 | 0 | 0 |
_aBS2650.52 _b.E57 2009 |
| 082 | 0 | 0 |
_a225.9/2 _222 |
| 100 | 1 |
_aEhrensperger, Kathy, _d1956- _925484 |
|
| 245 | 1 | 0 |
_aPaul and the dynamics of power : _bcommunication and interaction in the early Christ-movement / _cKathy Ehrensperger. |
| 260 |
_aLondon ; _aNew York : _bT & T Clark, _cc2009. |
||
| 300 |
_axiv, 235 p. ; _c24 cm. |
||
| 440 | 0 |
_aLibrary of New Testament studies ; _v325 _925485 |
|
| 500 | _aOriginally published in 2007 as v. 325 of the Library of New Testament studies. | ||
| 504 | _aIncludes bibliographical references (p. [201]-225) and indexes. | ||
| 600 | 0 | 0 |
_aPaul, _cthe Apostle, Saint. _925486 |
| 630 | 0 | 0 |
_aBible. _pEpistles of Paul _xCriticism, interpretation, etc. _925487 |
| 650 | 0 |
_aPower (Christian theology) _925488 |
|
| 650 | 0 |
_aChristianity and politics _xHistory. _925489 |
|
| 650 | 0 |
_aChurch history _yPrimitive and early church, ca. 30-600. _925490 |
|
| 906 |
_a7 _bcbc _corigres _d2 _encip _f20 _gy-gencatlg |
||
| 942 |
_2lcc _cMONOGRAPH |
||
| 999 |
_c125138 _d125138 |
||